Bruno Mars - Chansons de l'album The Romantic - Statistiques

Statistiques générales
  • Ce quiz a été pris 37 fois
  • Le résultat moyen est 6 sur 9
Statistiques - réponses
Hint Réponse % Correct
The Romantic 1 Risk It All
91%
The Romantic 2 Cha Cha Cha
88%
The Romantic 3 I Just Might
88%
The Romantic2 9 Dance with Me
72%
The Romantic 5 Why You Wanna Fight?
63%
The Romantic 4 God Was Showing Off
59%
The Romantic2 6 On My Soul
53%
The Romantic2 8 Nothing Left
47%
The Romantic2 7 Something Serious
41%
Aucun quiz correspondant
Distribution des résultats
% des personnes avec chaque résultat
Percentile par nombre de réponses
Votre historique - résultats
Vous n’avez pas pris ce quiz